000 00339nam a22001457a 4500
020 _a81-8482-154-9
082 _a823
_bPAI/M
100 _aPAI, ANANT
245 _aMORE TALES OF BIRBAL
260 _aMUMBAI
_bAMAR CHITHRA KATHA
300 _a32
520 _aENGLISH SHORT STORIES
650 _aENGLISH SHORT STORIES
_zMUMBAI
942 _cBK
999 _c5260
_d5260